Ward Ethics : (Record no. 8108)

MARC details
000 -LEADER
fixed length control field 01315cam a22003494a 4500
001 - CONTROL NUMBER
control field 12194873
003 - CONTROL NUMBER IDENTIFIER
control field OSt
005 - DATE AND TIME OF LATEST TRANSACTION
control field 20240110124939.0
008 - FIXED-LENGTH DATA ELEMENTS--GENERAL INFORMATION
fixed length control field 001004s2001 enk b 001 0 eng c
010 ## - LIBRARY OF CONGRESS CONTROL NUMBER
LC control number 00050238
020 ## - INTERNATIONAL STANDARD BOOK NUMBER
International Standard Book Number 0521802911
020 ## - INTERNATIONAL STANDARD BOOK NUMBER
International Standard Book Number 0521664527 (pbk.)
035 ## - SYSTEM CONTROL NUMBER
System control number (DNLM)100966647
040 ## - CATALOGING SOURCE
Original cataloging agency DNLM/DLC
Transcribing agency DLC
Modifying agency DLC
042 ## - AUTHENTICATION CODE
Authentication code pcc
050 00 - LIBRARY OF CONGRESS CALL NUMBER
Classification number R724
Item number .W33 2001
060 10 - NATIONAL LIBRARY OF MEDICINE CALL NUMBER
Classification number W 50
Item number W256 2001
082 00 - DEWEY DECIMAL CLASSIFICATION NUMBER
Classification number W50 W21k 2001.
Edition number 21
100 ## - MAIN ENTRY--PERSONAL NAME
Personal name Edited by Thomasine K. Kushner; David C. Thomasma
9 (RLIN) 16871
245 00 - TITLE STATEMENT
Title Ward Ethics :
Remainder of title dilemmas for medical students and doctors in training
260 ## - PUBLICATION, DISTRIBUTION, ETC. (IMPRINT)
Place of publication, distribution, etc. Cambridge;
Name of publisher, distributor, etc. Cambridge University Press,
Date of publication, distribution, etc. 2001.
300 ## - PHYSICAL DESCRIPTION
Extent xviii, 265 p. ;
Dimensions 26 cm.
504 ## - BIBLIOGRAPHY, ETC. NOTE
Bibliography, etc Includes bibliographical references and index.
650 #0 - SUBJECT ADDED ENTRY--TOPICAL TERM
Topical term or geographic name as entry element Medical ethics
9 (RLIN) 10193
650 #0 - SUBJECT ADDED ENTRY--TOPICAL TERM
General subdivision Professional ethics
9 (RLIN) 16535
856 42 - ELECTRONIC LOCATION AND ACCESS
Materials specified Publisher description
Uniform Resource Identifier http://www.loc.gov/catdir/description/cam021/00050238.html
856 41 - ELECTRONIC LOCATION AND ACCESS
Materials specified Table of contents
Uniform Resource Identifier http://www.loc.gov/catdir/toc/cam026/00050238.html
906 ## - LOCAL DATA ELEMENT F, LDF (RLIN)
a 7
b cbc
c orignew
d 1
e ocip
f 20
g y-gencatlg
942 ## - ADDED ENTRY ELEMENTS (KOHA)
Source of classification or shelving scheme Other/Generic Classification Scheme
Koha item type Open Shelf
Holdings
Withdrawn status Lost status Source of classification or shelving scheme Damaged status Not for loan Home library Current library Date acquired Source of acquisition Inventory number Total Checkouts Full call number Barcode Date last seen Price effective from Koha item type
    Dewey Decimal Classification     MUST Main Library MUST Main Library 22/03/2023 Donation 09/31809   W50 W21k 2001. 2023-0389 22/03/2023 22/03/2023 Open Shelf